00394pab a2200133 454500008004000000100002000040245010500060260000900165300001500174362000800189650001300197700002000210773003000230180718b2011 xxu||||| |||| 00| 0 eng d aDobson, Rachael aHomelessness and housing support services: Rationales and policies under new labour (Review article) c2011 ap.581-589. aOct aHomeless aMc Neill, Jenny aSocial Policy and Society